01387 2200589 4500001002100000005001500021035002000036007000300056008004100059020002200100082001400122084002000136100002200156245007500178250001500253300004100268650002400309264003000333336002100363337003000384338002300414990001200437990001200449990001200461990001200473990001200485990001200497990001200509990001200521990001200533990001200545990001200557990001200569990001200581990001200593990001200605990001200617990001200629990001200641990001200653990001200665990001200677990001200689990001200701990001200713990001200725990001200737990001200749990001200761990001200773990001200785INLIS00000000000067920260122065305 a0010-0126000019ta260122 0 ind  a978-623-01-3974-1 a629.2.076 a629.2.076 FAT p0 aFathunePengarang1 aPengelolaan Bengkel Sepeda Motor :bSMK/MAK Kelas XII Fase F /cFathun aed 1 cet 1 axiv + 114 hlm :bilus ;c17,6 x 25cm 4aTeknik Sepeda Motor aYogyakarta :bAndi,c2024 2rdacontentateks 2rdamediaatanpa perantara 2rdacarrieravolume a25.1867 a25.1868 a25.1869 a25.1870 a25.1871 a25.1872 a25.1873 a25.1874 a25.1875 a25.1876 a25.1877 a25.1878 a25.1879 a25.1880 a25.1881 a25.1882 a25.1883 a25.1884 a25.1885 a25.1886 a25.1887 a25.1888 a25.1889 a25.1890 a25.1891 a25.1892 a25.1893 a25.1894 a25.1895 a25.1896